00798nam a22001817a 4500003000900000008004100009040007100050082001500121100002000136245006500156260003500221300002800256440002700284505021400311650002800525650002100553650004200574AR-CdUCM190307b ||||| |||| 00| 0 spa d aMUNICIPALIDAD PROVINCIAL DEL CUSCOcBIBLIOTECA MUNICIPAL DEL CUSCO a901 /bR19 aRama, Carlos M. aLa historia y la novela y otros ensayos historiográficos / aBuenos Aires : bNova, c1970. a169 páginas ;c20 cm. aBiblioteca histórica aContenido: La Historia y la novela -- El nacimiento de la Historia -- El pensamiento histórico de Huizinga -- Mathiez, historiador de la Revolución Francesa -- Los congresos mundiales de historiadores ...  aPensamiento Histórico aHistoriografía aCrítica del Pensamiento Histórico